| 000 | 00352nam a2200121Ia 4500 | ||
|---|---|---|---|
| 008 | 201217s9999 xx 000 0 und d | ||
| 100 | _aBruun, Per | ||
| 245 | 0 | _aPort Engineering , Vol-2 : Harbor Transportation, Fishing Ports, Sediment Transport, Geomorphology | |
| 260 |
_aHouston _bGulf Publishing |
||
| 300 | _a1146 | ||
| 490 | _vVol. 2 | ||
| 942 | _cBK | ||
| 999 |
_c7983 _d7983 |
||